书目信息 |
| 题名: |
酒吧.咖啡屋.舞厅设计
|
|
| 作者: | 陈孝生 选编 | |
| 分册: | ||
| 出版信息: | 福州 福建科学技术出版社 1995.02 |
|
| 页数: | 136页 | |
| 开本: | 16开 | |
| 丛书名: | ||
| 单 册: | ||
| 中图分类: | TU247.3 | |
| 科图分类: | ||
| 主题词: | 民用建筑--建筑设计 | |
| 电子资源: | ||
| ISBN: | 7-5335-0723-1 | |
| 000 | 00554nam0 2200181 45 | |
| 001 | 0007271072 | |
| 005 | 20000727104648.0 | |
| 010 | @a7-5335-0723-1@dRMB 52.00 | |
| 100 | @a20000727d1995 km y0chiy0120 ea | |
| 101 | 0 | @achi |
| 200 | 1 | @a酒吧.咖啡屋.舞厅设计@AJiu Ba.Ka Fei Wu.Wu Ting She Ji@f陈孝生选编@FChen Xiao Sheng Xuan Bian |
| 210 | @a福州@c福建科学技术出版社@d1995.02 | |
| 215 | @a136页@d16开 | |
| 606 | 0 | @a民用建筑@x建筑设计 |
| 690 | @aTU247.3@v3 | |
| 701 | 0 | @a陈孝生@4选编 |
| 801 | @aCN@bPftUser@c20000727 | |
| 905 | @b80478-487@dTU247.3@eCH798@f10 | |
| 酒吧.咖啡屋.舞厅设计/陈孝生选编.-福州:福建科学技术出版社,1995.02 |
| 136页;16开 |
| ISBN 7-5335-0723-1:RMB 52.00 |
| ● |
| 相关链接 |
|
|
|
正题名:酒吧·咖啡屋·舞厅设计
索取号:TU247.3/CH798
 
预约/预借
| 序号 | 登录号 | 条形码 | 馆藏地/架位号 | 状态 | 备注 |
| 1 | 367784 | 203677841 | 自科二线404/404自科库 12排1列5层/ [索取号:TU247.3/CH798] | 在馆 | |
| 2 | 367785 | 203677850 | 自科二线404/404自科库 12排1列5层/ [索取号:TU247.3/CH798] | 在馆 | |
| 3 | 367786 | 203677869 | 自科二线404/404自科库 12排1列5层/ [索取号:TU247.3/CH798] | 在馆 | |
| 4 | 367823 | 203678234 | 自科二线404/404自科库 12排1列5层/ [索取号:TU247.3/CH798] | 在馆 | |
| 5 | 80478 | 200804781 | 建筑库101/101建筑库 69排3列3层/ [索取号:TU247.3/CH798] | 在馆 | |
| 6 | 80479 | 200804790 | 自科二线404/404自科库 12排1列5层/ [索取号:TU247.3/CH798] | 在馆 | |
| 7 | 80480 | 200804807 | 自科二线404/404自科库 12排1列5层/ [索取号:TU247.3/CH798] | 在馆 | |
| 8 | 80481 | 200804816 | 建筑库101/101建筑库 69排3列1层/ [索取号:TU247.3/CH798] | 在馆 | |
| 9 | 80482 | 200804825 | 建筑库101/101建筑库 69排3列1层/ [索取号:TU247.3/CH798] | 在馆 | |
| 10 | 80483 | 200804834 | 自科二线404/404自科库 12排1列5层/ [索取号:TU247.3/CH798] | 在馆 | |
| 11 | 80484 | 200804843 | 自科二线404/404自科库 12排1列5层/ [索取号:TU247.3/CH798] | 在馆 | |
| 12 | 80485 | 200804852 | 建筑库101/ [索取号:TU247.3/CH798] | 在馆 | |
| 13 | 80486 | 200804861 | 建筑库101/101建筑库 69排3列1层/ [索取号:TU247.3/CH798] | 在馆 | |
| 14 | 80487 | 200804870 | 建筑库101/101建筑库 69排3列1层/ [索取号:TU247.3/CH798] | 在馆 |